Thực trạng kĩ năng giải quyết tình huống sư phạm của giáo viên trường THCS Huỳnh Thúc Kháng - Đà Nẵng
Cơ sở lí luận của vấn đề nghiên cứu. Kết quả nghiên cứu thức tiễn về thực trạng kĩ năng giải quyết tình huống sư phạm của giáo viên trường THCS Huỳnh Thúc Kháng - Đà Nẵng
Đã lưu trong:
| Príomhúdar: | |
|---|---|
| Údair Eile: | |
| Formáid: | Leabhar |
| Teanga: | Vietnamese |
| Foilsithe: |
Đại học Đà Nẵng
Trường Đại Học Sư Phạm
2011
|
| Sraith: | Báo cáo nghiên cứu khoa học. Chuyên ngành : Cử nhân tâm lí
|
| Ábhair: | |
| Clibeanna: |
Cuir Clib Leis
Gan Chlibeanna, Bí ar an gcéad duine leis an taifead seo a chlibeáil!
|
| Thư viện lưu trữ: | Mạng thư viện Đại học Đà Nẵng |
|---|
| LEADER | 01659nam a2200337 4500 | ||
|---|---|---|---|
| 001 | 000012857 | ||
| 003 | 9181 | ||
| 005 | 20120229100222.0 | ||
| 008 | 120229s2011 viesd | ||
| 041 | |a vie | ||
| 072 | |a Công trình nghiên cứu khoa học | ||
| 082 | |a 371.3 |b ĐA-H | ||
| 100 | |a Đặng, Thị Bích Hoàn |e Tác giả | ||
| 245 | |a Thực trạng kĩ năng giải quyết tình huống sư phạm của giáo viên trường THCS Huỳnh Thúc Kháng - Đà Nẵng |c Đặng Thị Bích Hoàn, Nguyễn Thị Linh | ||
| 260 | |a Đại học Đà Nẵng |b Trường Đại Học Sư Phạm |c 2011 | ||
| 300 | |a 82 tr. |c 29 cm | ||
| 490 | |a Báo cáo nghiên cứu khoa học. Chuyên ngành : Cử nhân tâm lí | ||
| 500 | |a Tham khảo tr.82+ phụ lục [4 tr.] | ||
| 520 | |a Cơ sở lí luận của vấn đề nghiên cứu. Kết quả nghiên cứu thức tiễn về thực trạng kĩ năng giải quyết tình huống sư phạm của giáo viên trường THCS Huỳnh Thúc Kháng - Đà Nẵng | ||
| 653 | |a THCS Huỳnh Thúc Kháng - Đà Nẵng |a tình huống sư phạm của giáo viên | ||
| 700 | |a Phạm, Thị Mơ |c Th.S |e Hướng dẫn | ||
| OWN | |a LSP | ||
| AVA | |a UDN50 |b LSP |d 371.3 ĐA-H |e available |t Error 5001 Not defined in file expand_doc_bib_avail. |f 1 |g 0 |h N |i 0 |k 1 | ||
| 999 | |a From the UDN01 | ||
| AVA | |a UDN50 |b LSP |d 371.3 ĐA-H |e available |t Error 5001 Not defined in file expand_doc_bib_avail. |f 1 |g 0 |h N |i 0 |k 1 | ||
| TYP | |a Monograph | ||
| TYP | |a Printed language | ||
| 980 | |a Mạng thư viện Đại học Đà Nẵng | ||